[Event "TUR-chT 2nd League"]
[Site "Konya"]
[Date "2018.07.16"]
[Round "1.1"]
[White "Ozefe, Begum"]
[Black "Anacoglu, Cisel"]
[Result "0-1"]
[WhiteElo "1413"]
[BlackElo "1790"]
[PlyCount "86"]
[EventDate "2018.07.16"]
[EventType "team-swiss"]
[EventRounds "9"]
[EventCountry "TUR"]
[SourceTitle "EXT 2019"]
[Source "ChessBase"]
[SourceDate "2018.10.10"]
[SourceVersion "1"]
[SourceVersionDate "2018.10.10"]
[SourceQuality "1"]
[WhiteTeam "Gaziantep Sader"]
[BlackTeam "Ankara DSI Genclik"]
[WhiteTeamCountry "TUR"]
[BlackTeamCountry "TUR"]

1. d4 Nf6 2. c4 g6 3. Nc3 Bg7 4. e4 d6 5. Nf3 0-0 6. Be2 e5 7. d5 a5 8. 0-0 Na6 9. a3 Nc5 10. Qc2 a4 11. h3 Nb3 12. Rb1 Bd7 13. Be3 Nh5 14. Bd1 f5 15. Qd3 f4 16. Bd2 Nc5 17. Qe2 Nf6 18. Kh2 Nfxe4 19. Nxe4 Nxe4 20. Bc2 Nxd2 21. Nxd2 Qh4 22. Rh1 Bf5 23. Nf3 Qh5 24. Be4 g5 25. Kg1 Qg6 26. Re1 Bxe4 27. Qxe4 Qxe4 28. Rxe4 h6 29. Kh2 c6 30. dxc6 bxc6 31. Rd1 Rfd8 32. Re2 Ra5 33. g3 Kf7 34. gxf4 gxf4 35. Nh4 d5 36. Nf5 d4 37. f3 Bf8 38. Re4 Rb8 39. Rd2 Rb3 40. Kg2 Kf6 41. Nxh6 Bxh6 42. h4 Re3 43. Rxe3 fxe3 0-1

[Event "TUR-chT2"]
[Site "Konya"]
[Date "2016.07.21"]
[Round "7.12"]
[White "Ozefe, Begum"]
[Black "Cihangir, Gulderen"]
[Result "1/2-1/2"]
[WhiteElo "1340"]
[BlackElo "1439"]
[PlyCount "31"]
[EventDate "2016.07.17"]
[EventType "team-swiss"]
[EventRounds "9"]
[EventCountry "TUR"]
[SourceTitle "CBM 173 Extra"]
[Source "ChessBase"]
[SourceDate "2016.08.29"]
[SourceVersion "1"]
[SourceVersionDate "2016.08.29"]
[SourceQuality "1"]
[WhiteTeam "Gaziantep Sader"]
[BlackTeam "Antalya Deniz Genclik"]
[WhiteTeamCountry "TUR"]
[BlackTeamCountry "TUR"]

1. d4 Nf6 2. c4 e6 3. Nc3 Bb4 4. Bd2 0-0 5. Nf3 b6 6. e3 Bb7 7. Bd3 d5 8. 0-0 c5 9. a3 Bxc3 10. Bxc3 Nbd7 11. Rc1 Rc8 12. Qe2 Re8 13. b4 dxc4 14. Bxc4 Ne4 15. bxc5 bxc5 16. Ba6 1/2-1/2

[Event "TUR-chT2"]
[Site "Konya"]
[Date "2016.07.20"]
[Round "6.11"]
[White "Yassibag, Ipek Asli"]
[Black "Ozefe, Begum"]
[Result "1-0"]
[WhiteElo "1692"]
[BlackElo "1340"]
[PlyCount "89"]
[EventDate "2016.07.17"]
[EventType "team-swiss"]
[EventRounds "9"]
[EventCountry "TUR"]
[SourceTitle "CBM 173 Extra"]
[Source "ChessBase"]
[SourceDate "2016.08.29"]
[SourceVersion "1"]
[SourceVersionDate "2016.08.29"]
[SourceQuality "1"]
[WhiteTeam "Hatay Samandag"]
[BlackTeam "Gaziantep Sader"]
[WhiteTeamCountry "TUR"]
[BlackTeamCountry "TUR"]

1. e4 e5 2. c4 c6 3. Nc3 Nf6 4. g3 Bc5 5. Bg2 d6 6. Nge2 Be6 7. d3 d5 8. exd5 cxd5 9. Qb3 Bb6 10. Nxd5 Bxd5 11. cxd5 0-0 12. 0-0 Ng4 13. Bd2 Qf6 14. Be1 Na6 15. Qc4 Nh6 16. h4 Rac8 17. Qb3 Rc7 18. a4 Nf5 19. Bc3 Rfc8 20. a5 Bd4 21. Bxd4 Nxd4 22. Nxd4 exd4 23. Rfe1 g6 24. Bh3 Rc3 25. Qa4 Rd8 26. Re8+ Rxe8 27. Qxe8+ Kg7 28. Qb5 Qe7 29. Rb1 Nb8 30. Bf1 a6 31. Qb6 f6 32. Qxd4 Qe5 33. Qe4 Nd7 34. f4 Qxe4 35. dxe4 Kf7 36. d6 g5 37. Bh3 Nb8 38. fxg5 fxg5 39. e5 Rd3 40. e6+ Ke8 41. d7+ Ke7 42. Rf1 Nc6 43. Rf7+ Kd8 44. Rf8+ Ke7 45. Re8+ 1-0

[Event "TUR-chT2"]
[Site "Konya"]
[Date "2016.07.19"]
[Round "4.10"]
[White "Goksen, Hilal"]
[Black "Ozefe, Begum"]
[Result "0-1"]
[WhiteElo "1460"]
[BlackElo "1340"]
[PlyCount "114"]
[EventDate "2016.07.17"]
[EventType "team-swiss"]
[EventRounds "9"]
[EventCountry "TUR"]
[SourceTitle "CBM 173 Extra"]
[Source "ChessBase"]
[SourceDate "2016.08.29"]
[SourceVersion "1"]
[SourceVersionDate "2016.08.29"]
[SourceQuality "1"]
[WhiteTeam "Manisa Salihli Sardes"]
[BlackTeam "Gaziantep Sader"]
[WhiteTeamCountry "TUR"]
[BlackTeamCountry "TUR"]

1. e4 e5 2. Nf3 Nc6 3. Bc4 Bc5 4. d3 d6 5. h3 h6 6. 0-0 Nge7 7. Nc3 Be6 8. Bxe6 fxe6 9. Bd2 Qd7 10. a3 a6 11. Re1 0-0-0 12. Be3 Nd4 13. Bxd4 Bxd4 14. Nxd4 exd4 15. Ne2 e5 16. Qd2 Ng6 17. Ng3 Nh4 18. Qe2 Rdf8 19. Qg4 g5 20. Re2 Rf4 21. Qxd7+ Kxd7 22. Nh5 Rf7 23. Rf1 b5 24. f3 a5 25. Ref2 Ng6 26. Ng3 Ne7 27. b3 h5 28. Ne2 h4 29. c3 dxc3 30. Nxc3 b4 31. axb4 axb4 32. Nd5 Nxd5 33. exd5 Rf4 34. Rd2 Rd4 35. Kf2 Ra8 36. Ke3 Rxd5 37. Rg1 Rd4 38. Rc2 c5 39. Rc4 Ra3 40. Rb1 Rxc4 41. dxc4 Ke6 42. Ke4 Ra2 43. Rg1 Rb2 44. g3 Re2+ 45. Kd3 Rh2 46. gxh4 gxh4 47. Ke4 Rxh3 48. Rg5 Ke7 49. Rh5 Rh1 50. Ke3 Rh2 51. Ke4 Rb2 52. Rxh4 Rxb3 53. Rh2 Ke6 54. Rh7 Rc3 55. Rb7 Rxc4+ 56. Kd3 Rd4+ 57. Ke3 Kd5 0-1

[Event "TUR-chT2"]
[Site "Konya"]
[Date "2014.06.27"]
[Round "7.8"]
[White "Yordanova, Svetla"]
[Black "Ozefe, Begum"]
[Result "1-0"]
[WhiteElo "2101"]
[BlackElo "1396"]
[PlyCount "39"]
[EventDate "2014.06.23"]
[EventType "team-swiss"]
[EventRounds "9"]
[EventCountry "TUR"]
[SourceTitle "CBM 161 Extra"]
[Source "ChessBase"]
[SourceDate "2014.08.29"]
[SourceVersion "1"]
[SourceVersionDate "2014.08.29"]
[SourceQuality "1"]
[WhiteTeam "Karaman Belediye"]
[BlackTeam "Sader"]
[WhiteTeamCountry "TUR"]
[BlackTeamCountry "TUR"]

1. e4 e5 2. Nf3 Nc6 3. c3 Nf6 4. d4 exd4 5. e5 Nd5 6. cxd4 Bb4+ 7. Bd2 Bxd2+ 8. Nbxd2 d6 9. Bb5 Bd7 10. exd6 cxd6 11. 0-0 0-0 12. Bc4 Nf4 13. Re1 Bg4 14. h3 Bh5 15. Qb3 Na5 16. Qe3 Qf6 17. Bf1 Nc6 18. Kh1 Rfe8 19. Qxe8+ Rxe8 20. Rxe8# 1-0